000 00267nam a22001217a 4500
041 _aENG
100 _aPosudin Y.I
245 _aLasers In Agriculture
260 _aDelhi
_bOxford & IBH PUB
_c1999
300 _a188
650 _aAgricultural
856 _uAgricultural
999 _c537
_d537